Food security of India : (Record no. 89743)

MARC details
000 -LEADER
fixed length control field 00721nam a22002177a 4500
005 - DATE AND TIME OF LATEST TRANSACTION
control field 20141030165549.0
010 ## - LCCN (DPL NO)
LC control number ENG-111096
020 ## - INTERNATIONAL STANDARD BOOK NUMBER
Terms of availability 170.00
International Standard Book Number 9788123771311
020 ## - INTERNATIONAL STANDARD BOOK NUMBER
Terms of availability 170.00
International Standard Book Number 8123771312
035 ## - SYSTEM CONTROL NUMBER
System control number EN-94628
037 ## - SOURCE OF ACQUISITION
Source of stock number/acquisition DBAD/PUB
082 ## - DEWEY DECIMAL CLASSIFICATION NUMBER
Classification number 338.190954
100 ## - MAIN ENTRY--PERSONAL NAME
Personal name Modgal,Suresh C.
245 ## - TITLE STATEMENT
Title Food security of India :
Statement of responsibility, etc by Suresh C. Modgal
Remainder of title an overview /
260 ## - PUBLICATION, DISTRIBUTION, ETC. (IMPRINT)
Place of publication, distribution, etc New Delhi
Name of publisher, distributor, etc National Book Trust
Date of publication, distribution, etc 2014
270 ## - ADDRESS
City New Delhi
Postal code 110070
Address Nehru Bhawan, 5, Institutional Area, Phase-II, Vasant Kunj
300 ## - PHYSICAL DESCRIPTION
Extent xviii,340p.
Dimensions 23cm(pbk)
490 ## - SERIES STATEMENT
Series statement Popular social science
500 ## - GENERAL NOTE
General note Includes bibliographical references and index
942 ## - ADDED ENTRY ELEMENTS (KOHA)
Source of classification or shelving scheme Dewey Decimal Classification
Item type English Books
Call number suffix MOD
Classification part 338.190954
Holdings
Withdrawn status Lost status Not for loan Collection code Home library Current library Date acquired Source of acquisition Cost, normal purchase price Full call number Barcode Copy number Cost, replacement price Koha item type
    Not For Loan Non-fiction D.B.Act.Division D.B.Act.Division 30/10/2014 DBAD/PUB 170.00 338.190954 MOD EN-94628 1 170.00 English Books

© Delhi Public Library
Hit Counter
free hit counter